|
|
|
|
| LEADER |
00000nam a22000007a 4500 |
| 005 |
2022051605485.0 |
| 007 |
cr|||| ||| |
| 008 |
220516s2021 br |||||s|||| 00||0 por d |
| 020 |
|
|
|a 978-65-5883-091-7
|
| 035 |
|
|
|a 36401
|
| 040 |
|
|
|a vLex
|
| 090 |
|
|
|c 13338
|d 13338
|
| 100 |
1 |
|
|a Rosignoli, Mariana
|
| 245 |
1 |
0 |
|a Manual de direito desportivo
|h [Recurso electrn̤ico] /
|c Mariana Rosignoli, Sřgio Santos Rodrigues
|
| 256 |
|
|
|a Servicio en ln̕ea
|
| 260 |
|
|
|a San Pablo:
|b LTR,
|c 2021
|
| 300 |
|
|
|a 1 recurso electrn̤ico
|
| 500 |
|
|
|a O Direito Desportivo, muito presente e debatido no cenr̀io jurd̕ico nacional, desperta o interesse nô s ̤daqueles que lidam com o Direto, mas das pessoas em geral. Assim, justifica-se a continuidade da obra “Manual de Direito Desportivo”, agora em sua 3® ediȯ̂, revista e atualizada, com conted︢o amplo e didt̀ico, como fonte introdutr̤ia da matřia. A obra apresenta ao leitor teoria e prt̀ica, apresentando as principais discusse̳s ter̤icas e prt̀icas sobre o tema.
|
| 506 |
1 |
|
|a Disponible solo en los productos indicados
|d vLex Global
|d vLex Global (Academic Edition, excluding Law Schools)
|d vLex Global (U.S. Academic Edition, Law Schools)
|d vLex Global (U.S. Academic Edition, excluding Law Schools)
|d vLex Global (Academic Edition, Law Schools)
|
| 650 |
0 |
4 |
|a Deporte
|z Brasil
|
| 650 |
0 |
4 |
|a Deportes
|z Brasil
|
| 700 |
1 |
|
|a Santos Rodrigues, Sřgio
|
| 740 |
0 |
|
|a vLex Libros (Servicio en ln̕ea)
|
| 856 |
4 |
0 |
|u https://app.vlex.com/#/sources/36401
|z Acceso restringido
|
| 942 |
|
|
|c BOOK
|
| 999 |
0 |
|
|a Sport
|
| 999 |
0 |
|
|a Sports
|